| 000 | 00000nam##2200000za#4500 |
| 001 | 9.566010 |
| 003 | CaOODSP |
| 005 | 20210624180102 |
| 007 | cr ||||||||||| |
| 008 | 150406|2000||||xxc|||||o f|0| 0 eng|d |
| 040 | |aCaOODSP|beng |
| 043 | |an-cn--- |
| 086 | 1 |aTU3-5/00-59E-PDF |
| 110 | 2 |aTransportation Safety Board of Canada. |
| 245 | 10|aIn-flight icing / loss of control - Accent Aviation Cessna 310I C-GWWO, Calgary, Alberta, 12 April 2000 |h[electronic resource] |
| 260 | |aGatineau - Quebec : |bTransportation Safety Board of Canada |c[2000]. |
| 300 | |a7p. |
| 490 | 1 |aAviation investigation report |vA00W0079 |
| 590 | |a10-05-Supp|b2010-07-20 |
| 690 | 07|aAircraft accidents|2gcpds |
| 775 | 08|tGivrage en vol et perte de maîtrise - Accent Aviation Cessna 310I C-GWWO, Calgary (Alberta), le 12 avril 2000 |w(CaOODSP)9.597499 |
| 830 | #0|aAviation investigation report ;|vA00W0079|w(CaOODSP)9.504825 |
| 856 | 40|ahttp://publications.gc.ca|qPDF|s81 KB|uhttps://publications.gc.ca/collections/collection_2009/bst-tsb/TU3-5-00-59E.pdf|yA00W0079 |